Normal view
MARC view
- Mathematics - PhD Thesis
Entry Topical Term
001 - CONTROL NUMBER
- control field: 16989
003 - CONTROL NUMBER IDENTIFIER
- control field: NUST
005 - DATE AND TIME OF LATEST TRANSACTION
- control field: 20190708055308.0
008 - FIXED-LENGTH DATA ELEMENTS
- fixed length control field: 190708|| aca||aabn | a|a d
040 ## - CATALOGING SOURCE
- Original cataloging agency: NUST
- Transcribing agency: NUST
150 ## - HEADING--TOPICAL TERM
- Topical term or geographic name entry element: Mathematics - PhD Thesis
670 ## - SOURCE DATA FOUND
- Source citation: Work cat.: (NUST): Tassaddiq, Asifa 16988, Some representations of the extended Fermi-Dirac and Bose-Einstein functions with applications/, 2012.
